[Event "4NCL Division 2a"]
[Site "Northampton, ENG"]
[Date "2017.01.14"]
[Round "3.44"]
[White "Fegan, Chris"]
[Black "Grant, David J"]
[Result "0-1"]
[WhiteElo "2070"]
[BlackElo "2083"]
[PlyCount "118"]
[EventDate "2017.01.14"]
[WhiteTeam "CSC Dragons"]
[BlackTeam "Sussex Martlets 1"]

1. e4 c5 2. a3 g6 3. b4 Bg7 4. c3 d5 5. Bb5+ Bd7 6. Bxd7+ Qxd7 7. exd5 c4 8.
Nf3 Qxd5 9. O-O Nc6 10. Re1 Rd8 11. Qe2 e6 12. b5 Na5 13. a4 Nb3 14. Ra2 Nxc1
15. Rxc1 Ne7 16. Na3 Rc8 17. Rb2 Nf5 18. Rb4 Nd6 19. Re1 Rc5 20. Nc2 O-O 21.
Nfd4 Rfc8 22. Rbb1 Qg5 23. Nf3 Qf6 24. Ne3 h5 25. h3 e5 26. Nf1 e4 27. Nd4 Qg5
28. Qe3 Qd5 29. Ng3 Re8 30. Nge2 Kh7 31. Nf4 Qe5 32. Rbd1 Bh6 33. g3 h4 34. Kh2
f5 35. Nde2 g5 36. Ng2 f4 37. Qd4 hxg3+ 38. fxg3 f3 39. Qxe5 Rexe5 40. Ne3 fxe2
41. Rxe2 Bg7 42. Rf1 Kg6 43. Kg2 Re6 44. Ng4 Nf5 45. Rfe1 Rd5 46. Nf2 Nd6 47.
Ng4 Ne8 48. Ne3 Rc5 49. Ng4 Nd6 50. Nf2 Rd5 51. Ng4 a6 52. bxa6 bxa6 53. Rb1
Nf5 54. Rb4 Rxd2 55. Rxd2 Bxc3 56. Rdb2 Bxb4 57. Rxb4 e3 58. Kf1 e2+ 59. Ke1
Nd4 0-1

[Event "4NCL Division 2a"]
[Site "Northampton, ENG"]
[Date "2017.01.14"]
[Round "3.45"]
[White "Willson, Ollie"]
[Black "Purdon, Colin"]
[Result "1/2-1/2"]
[WhiteElo "2060"]
[BlackElo "2054"]
[PlyCount "54"]
[EventDate "2017.01.14"]
[WhiteTeam "Sussex Martlets 1"]
[BlackTeam "CSC Dragons"]

1. d4 d5 2. c4 c6 3. Nf3 Nf6 4. Qc2 dxc4 5. Qxc4 Bf5 6. g3 e6 7. Bg2 Nbd7 8.
Nc3 Bd6 9. O-O O-O 10. Re1 Bg6 11. e4 e5 12. dxe5 Nxe5 13. Nxe5 Bxe5 14. Be3
Re8 15. f3 Qa5 16. Rad1 Rad8 17. Qb3 b5 18. Ne2 h6 19. Nf4 Bh7 20. a3 Bd4 21.
Ne2 Bxe3+ 22. Qxe3 Nd5 23. Qc5 Qb6 24. Qxb6 Nxb6 25. Nd4 Rc8 26. Bh3 Rc7 27. b3
a6 1/2-1/2

[Event "4NCL Division 2a"]
[Site "Northampton, ENG"]
[Date "2017.01.14"]
[Round "3.46"]
[White "Ismailov, Roman"]
[Black "Miller, Dominic"]
[Result "0-1"]
[WhiteElo "2038"]
[BlackElo "1959"]
[PlyCount "76"]
[EventDate "2017.01.14"]
[WhiteTeam "CSC Dragons"]
[BlackTeam "Sussex Martlets 1"]

1. d4 d5 2. Nf3 Nf6 3. c4 c6 4. Nc3 e6 5. Bg5 h6 6. Bh4 dxc4 7. a4 Bb4 8. e3
Bxc3+ 9. bxc3 b5 10. Qc2 a5 11. Be2 Nbd7 12. O-O Ba6 13. e4 g5 14. Bg3 Nh5 15.
Bd6 Nb6 16. axb5 cxb5 17. Bc5 Nf4 18. Ne5 Nxe2+ 19. Qxe2 Na4 20. Qf3 Qc7 21.
Ba3 O-O-O 22. Bc1 Rhf8 23. Ba3 Rfe8 24. Ng4 Qf4 25. Qh3 h5 26. Ne5 g4 27. Qh4
Nxc3 28. Nc6 Rd7 29. Nxa5 Rxd4 30. Bc5 Rd3 31. Qxh5 Rh3 32. Bd6 Ne2+ 33. Kh1
Rxh5 34. Bxf4 Nxf4 35. Nxc4 bxc4 36. Rxa6 Ne2 37. Rc6+ Kd7 38. Rxc4 Rxh2+ 0-1

[Event "4NCL Division 2a"]
[Site "Northampton, ENG"]
[Date "2017.01.14"]
[Round "3.47"]
[White "Lenier, Jude A"]
[Black "Head, Louise"]
[Result "1-0"]
[WhiteElo "2039"]
[BlackElo "2029"]
[PlyCount "85"]
[EventDate "2017.01.14"]
[WhiteTeam "Sussex Martlets 1"]
[BlackTeam "CSC Dragons"]

1. e4 c6 2. d4 d5 3. e5 Bf5 4. Nf3 e6 5. Be2 h6 6. Be3 Ne7 7. h3 Bh7 8. g4 Nd7
9. O-O c5 10. c3 Nc6 11. Nbd2 Be7 12. a3 c4 13. Ne1 O-O 14. f4 f5 15. Nxc4 dxc4
16. Bxc4 Nb6 17. Bxe6+ Kh8 18. d5 Nc4 19. Bf2 N6xe5 20. fxe5 Nxe5 21. Bd4 Qc7
22. gxf5 Bc5 23. Kg2 Nc4 24. b4 Bxd4 25. Qxd4 Nd6 26. Qd3 Qe7 27. Kh2 Nxf5 28.
Bxf5 Qe5+ 29. Qg3 Rxf5 30. Rxf5 Qxf5 31. d6 Qe6 32. Ng2 Rd8 33. Rd1 Bf5 34. Rd2
Qb3 35. Qe5 Qe6 36. Qg3 Rd7 37. Nf4 Qf6 38. c4 Kh7 39. c5 Be4 40. Re2 Bc6 41.
Qd3+ Kg8 42. Ng6 Bf3 43. Re8+ 1-0

[Event "4NCL Division 2a"]
[Site "Northampton, ENG"]
[Date "2017.01.14"]
[Round "3.48"]
[White "Vlcek, Marek"]
[Black "Higgs, Anthony R J"]
[Result "1/2-1/2"]
[WhiteElo "2022"]
[BlackElo "1961"]
[PlyCount "48"]
[EventDate "2017.01.14"]
[WhiteTeam "CSC Dragons"]
[BlackTeam "Sussex Martlets 1"]

1. d4 Nf6 2. Nf3 d5 3. e3 Bf5 4. Be2 e6 5. Nbd2 h6 6. c4 c6 7. O-O Nbd7 8. b3
Bd6 9. Bb2 O-O 10. Ne5 Rc8 11. f4 Ne4 12. Nxe4 Bxe4 13. Bf3 Nf6 14. Rc1 c5 15.
Bxe4 Nxe4 16. cxd5 exd5 17. dxc5 Bxc5 18. Rf3 Qd6 19. h3 Rfd8 20. Qd3 Qb6 21.
Kh2 Qb4 22. Rd1 Bb6 23. a3 Qe7 24. b4 a6 1/2-1/2